A text-book of bacteriology / (Record no. 5610)
[ view plain ]
| 000 -LEADER | |
|---|---|
| fixed length control field | 00916cam a22002772 4500 |
| 001 - CONTROL NUMBER | |
| control field | 012825162 |
| 003 - CONTROL NUMBER IDENTIFIER | |
| control field | UkOxU |
| 005 - DATE AND TIME OF LATEST TRANSACTION | |
| control field | 20220422072512.0 |
| 008 - FIXED-LENGTH DATA ELEMENTS--GENERAL INFORMATION | |
| fixed length control field | 850328s1949 enkaf 001 0 eng d |
| 035 ## - SYSTEM CONTROL NUMBER | |
| System control number | OCLC ocm11857075 from D970820M |
| 040 ## - CATALOGING SOURCE | |
| Original cataloging agency | EUW |
| Transcribing agency | ALUPE UNIVERSITY |
| Modifying agency | EQO |
| 050 ## - LIBRARY OF CONGRESS CALL NUMBER | |
| Classification number | QR41 |
| Item number | .F35 1950 |
| 096 ## - LOCALLY ASSIGNED NLM-TYPE CALL NUMBER (OCLC) | |
| Classification number | QW4 |
| Item number | 1950 |
| Filing suffix | F16t |
| 100 1# - MAIN ENTRY--PERSONAL NAME | |
| Personal name | Fairbrother, R. W. |
| Fuller form of name | (Ronald Wilson) |
| 245 12 - TITLE STATEMENT | |
| Title | A text-book of bacteriology / |
| Statement of responsibility, etc. | by R.W Fairbrother. |
| 250 ## - EDITION STATEMENT | |
| Edition statement | 6th ed. |
| 260 ## - PUBLICATION, DISTRIBUTION, ETC. | |
| Place of publication, distribution, etc. | London : |
| Name of publisher, distributor, etc. | W. Heinemann, |
| Date of publication, distribution, etc. | c1950. |
| 300 ## - PHYSICAL DESCRIPTION | |
| Extent | viii, 484 p., 6 leaves of plates : |
| Other physical details | ill. (some col.) ; |
| Dimensions | 23 cm. |
| 500 ## - GENERAL NOTE | |
| General note | First edition, 1937, published under title: A text-book of medical bacteriology. |
| 500 ## - GENERAL NOTE | |
| General note | Includes index. |
| 650 #0 - SUBJECT ADDED ENTRY--TOPICAL TERM | |
| Topical term or geographic name entry element | Bacteriology. |
| 650 #0 - SUBJECT ADDED ENTRY--TOPICAL TERM | |
| Topical term or geographic name entry element | Medical bacteriology. |
| 650 #2 - SUBJECT ADDED ENTRY--TOPICAL TERM | |
| Topical term or geographic name entry element | Bacteriology |
| 942 ## - ADDED ENTRY ELEMENTS (KOHA) | |
| Source of classification or shelving scheme | |
| Koha item type | Book |
| Suppress in OPAC | AB |
| Withdrawn status | Lost status | Source of classification or shelving scheme | Damaged status | Not for loan | Permanent Location | Current Location | Shelving location | Date acquired | Source of acquisition | Total Checkouts | Full call number | Barcode | Date last seen | Price effective from | Koha item type | Public note |
|---|---|---|---|---|---|---|---|---|---|---|---|---|---|---|---|---|
| AU LIBRARY | AU LIBRARY | Open Shelf | 22.04.2022 | DONATION FROM MOI UNIVERSITY | QR41 .F35 1950 | 28008010 | 22.04.2022 | 22.04.2022 | Book | AB |